=LDR 00000nam 2200000 4500 =001 INLIS000000000033359 =005 20130612135322 =008 ***********************************Ind** =035 ##$$0010-061300000033359 =041 ##$$a Ind =082 ##$$a 629.300 3 =090 ##$$a 629.300 3, Tay a =100 ##$$a Taylor, Ron =245 ##$$a Alam pesawat, Ron Taylor =260 ##$$a 1979 $b Jakarta =300 ##$$a 133 hlm, ilus, 33 cm =650 ##$$a Teknik Pesawat =850 ##$$a NBPNMAT